Poľanka, Poľanka hymna Košickej Polianky

Bibliographic Details
Format: Article
Language:Slovak
Subjects:

MARC

LEADER 00000nab a2200000 a 4500
001 vtls000911809
003 SK-MaSNL
005 20260302174257.0
008 040720e19990000xo 0 slo
035 |a KE20723 
040 |a KEVKJB  |b slo  |c KEVKJB  |e AACR2 
041 0 |a slo 
044 |a xo  |c SK 
080 |a 784.7  |2 1981 
080 |a 885.4-14  |2 1981 
245 0 0 |a Poľanka, Poľanka hymna Košickej Polianky 
650 0 7 |a hymna  |2 KEVKJB  |9 883734 
650 0 7 |a piesne  |2 KEVKJB  |9 3416 
650 0 7 |a informácie  |2 KEVKJB  |9 1285 
651 7 |a Košická Polianka (Slovensko)  |2 KEVKJB  |9 30767 
651 7 |a Košice-okolie (Slovensko : okres)  |2 KEVKJB  |9 146743 
651 7 |a KS,  |2 KEVKJB  |9 880381 
655 7 |a periodikum  |2 snkbucl  |9 29553 
773 0 8 |t Život Košickej Polianky  |g Roč. 16, č.1 (1999), s. 2 
852 |a ZVYKNI  |b KIS3GCP 
999 |c 1403575  |d 1405505